| 000 | 00479nam a22001457a 4500 | ||
|---|---|---|---|
| 020 | _a978-9694163528 | ||
| 082 |
_a181.07 _bRAU |
||
| 245 |
_aSAIR-E-IQBAL SHANASI DAR AFGHANISTAN / _b By: Abdul Rauf Khan Rafiqui |
||
| 260 |
_aلاہور: _bشرکت پرنٹنگ پریس, |
||
| 300 | _a264P.; | ||
| 563 | _aHardcover | ||
| 880 |
_6100-01\r _aعبد الرؤف خان رفیقی |
||
| 880 |
_6245-02\r _aسیرِ اقبال شناسی در افغانستان |
||
| 942 |
_2ddc _cBK |
||
| 999 |
_c613101 _d613101 |
||